01337nam a2200265 a 450000100150000000800410001502000250005605000170008110000210009824500750011925000170019426000360021130000280024733700150027533800230029035000100031365000310032365000260035470000200038099501640040099501630056499501640072799501630089199900170105499666277202419190520s2016 ||||||||||||||||| || u a9781292152240 (pbk.) aHD 70.U5 Ebe aGriffin, Ricky W10aBusiness essentials (11th edition)cRonald J. Ebert, Ricky W. Griffin. a11th edition aHarlowbPearson Educationc2016 a692 pages:illustrations aunmediated avolume2rdacarrier a46.98 7aBUSINESS ENTERPRISES2fast 0aINDUSTRIAL MANAGEMENT aEbert, Ronald J aMAIN LIBRARY OPEN ACCESSD46.98e749046FCBU-MAIN LIBRARY (Kitwe)I46.98jHD 70.U5 EbeM3UAVAILABLEWMay 20, 2019y749046ZMain Library Open Access Collection aANNEX COLLECTION (Main Library)D46.98e749047FCBU-MAIN LIBRARY (Kitwe)I46.98jHD 70.U5 EbeM4UAVAILABLEWMay 20, 2019y749047ZAnnex Low-Usage Collection  aMAIN LIBRARY OPEN ACCESSD46.98e749045FCBU-MAIN LIBRARY (Kitwe)I46.98jHD 70.U5 EbeM2UAVAILABLEWMay 20, 2019y749045ZMain Library Open Access Collection aANNEX COLLECTION (Main Library)D46.98e749044FCBU-MAIN LIBRARY (Kitwe)I46.98jHD 70.U5 EbeM1UAVAILABLEWMay 20, 2019y749044ZAnnex Low-Usage Collection  c79005d79005